000 00322nam a2200145 4500
008 190521s1970||||xo d
100 1 _aHynie Josef
_91112
245 1 0 _aLekárska sexuológia
260 _bOsveta
_aMartin
_c1970
250 _a1.vydanie
020 _c0
041 1 _aslo
044 _axo
_cSK
958 _aA
999 _c22406
_d22406